Conceptualización y propuesta preliminar de una planta de tratamiento de aguas residuales para la Finca IV en las instalaciones de la Universidad de Costa Rica, Sede Rodrigo Facio
Gardado en:
| Autor Principal: | |
|---|---|
| Formato: | Libro |
| Idioma: | Spanish |
| Publicado: |
San José, Costa Rica
2017
|
| Materias: | |
| Etiquetas: |
Engadir etiqueta
Sen Etiquetas, Sexa o primeiro en etiquetar este rexistro!
|
MARC
| LEADER | 00000nam a22000007a 4500 | ||
|---|---|---|---|
| 003 | 012601 | ||
| 005 | 20221231144215.0 | ||
| 008 | 170524b2017 cr a|||| m||| 00| ||spa d | ||
| 040 | |c cru CEDI | ||
| 090 | |a TFG 7752 | ||
| 100 | |9 8566 |a Bravo Rodríguez, Katherine | ||
| 245 | |a Conceptualización y propuesta preliminar de una planta de tratamiento de aguas residuales para la Finca IV en las instalaciones de la Universidad de Costa Rica, Sede Rodrigo Facio | ||
| 260 | |a San José, Costa Rica |c 2017 | ||
| 300 | |a xii, 123 hojas ; ilustraciones | ||
| 500 | |a Proyecto de graduación (licenciatura en ingeniería química)--Universidad de Costa Rica. Facultad de Ingeniería. Escuela de Ingeniería Química | ||
| 650 | |x AGUAS RESIDUALES |x DISPOSICION DE AGUAS RESIDUALES |x PLANTAS PARA TRATAMIENTO DE AGUAS RESIDUALES - EQUIPOS Y ACCESORIOS |9 8567 | ||
| 942 | |c TFG | ||
| 999 | |c 18447 |d 18447 | ||
